| 000 | 00721cab a2200217 4500 | ||
|---|---|---|---|
| 001 | WB3518-39 | ||
| 008 | 090401t1999 xxu||||| |||| 00| 0 eng d | ||
| 035 | _a(Sirsi) u93344 | ||
| 041 | _aeng | ||
| 245 | _aRICS leaflet distribution will warn of rating cowboys | ||
| 260 | _c1999 | ||
| 350 | _a0 | ||
| 490 |
_aCSM (Chartered Surveyor Monthly) _v8(9) May 1999, 8(1) |
||
| 520 | _aThe RICS are to make leaflets available warning members of 'rating cowboys', who are allegedly offering large reductions in rates payable. | ||
| 650 | _aRATING REVALUATION 2000 | ||
| 650 | _aRATING COWBOYS | ||
| 650 | _aRICS | ||
| 690 | _aMANAGEMENT-BUSINESS MANAGEMENT-PROFESSIONAL PRACTICE | ||
| 942 | _n0 | ||
| 948 | _c14/05/1999 | ||
| 999 |
_c59168 _d59168 |
||